000 01170nam1a22002651 4500
001 rc\679684
005 20040511164617.7
035 _a(NLR Aleph) 008747662
090 _a9557736
_c9557736
100 _a20031121g19859999u |0rusy50 ca
101 0 _arus
102 _aRU
105 _ay |||||||||
200 1 _aАвтоматизированные системы управления предприятиями на речном транспорте
_eКонспект лекций для студентов мех., кораблестроит., электромех. и ПТМ фак.
_fА.Г. Китов, В.И. Кожухарь, Ю.Д. Огородников и др.
_gПод общ. ред. А.Г. Китова
_gМ-во реч. флота РСФСР, Горьк. ин-т инж. вод. трансп.
210 _aГорький
_cГИИВТ
_d1985-
215 _d20
701 1 _aКитов
_bА. Г.
_4070
701 1 _aКожухарь
_bВ. И.
_4070
701 1 _aОгородников
_bЮ. Д.
_4070
801 0 _aRU
_bNLR
_gpsbo
801 1 _aRU
_bELAR
_2rusmarc
801 2 _aRU
_bNLR
_c20040511
_2rusmarc
852 _aNLR
_j86-4/13514
942 _cBOOK
980 _aNB